000 01421cam a2200397 a 4500
001 2356
003 FISKH
005 20231120090305.0
008 070329s2008 nyu c 000 1 eng
010 _a 2007007457
020 _a9780399247309
020 _a9780571237173
020 _a0399247300
035 _a(OCoLC)ocn122525542
035 _a(OCoLC)122525542
040 _aDLC
_cDLC
_dIG#
_dBTCTA
_dBAKER
_dYDXCP
_dUPZ
_dABG
_dLIQ
_dEHH
_dDLC
_beng
042 _alcac
_alcac
050 0 0 _aPZ7.B5229
_bSu 2008
082 0 0 _a[Fic]
_222
100 1 _aBirney, Betty G.
245 1 0 _aSurprises according to Humphrey /
_cBetty G. Birney.
260 _aLondon :
_bFaber and Faber,
_c2008.
300 _a154 pages ;
_c20 cm
505 _aQ
520 _aWhile continuing to help his classmates solve their problems, Humphrey, pet hamster of Longfellow School's Room 26, faces many surprises, like rolling in a hamster ball, a substitute janitor who might be an alien, and the possibility of Mrs. Brisbane retiring.
521 8 _a660
_bLexile
521 8 _aQ
_bRaz-Plus
650 0 _aHamsters
_vJuvenile fiction.
650 0 _aSchools
_vJuvenile fiction.
650 0 _aInterpersonal relations
_vJuvenile fiction.
650 1 _aHamsters
_vFiction.
650 1 _aSchools
_vFiction.
650 1 _aInterpersonal relations
_vFiction.
906 _a7
_bcbc
_corignew
_d1
_eecip
_f20
_gy-gencatlg
942 _2ddc
_cBK
_n0
999 _c2356
_d2356